000 01232cam a2200325 a 4500
001 15490414
003 OSt
005 20231215112214.0
008 081020s2009 enka b 001 0 eng
010 _a 2008045022
020 _a9789354640773
020 _a9780470026786 (cloth : alk. paper)
020 _a0470026782 (cloth : alk. paper)
020 _a9780470026793 (pbk. : alk. paper)
020 _a0470026790 (pbk. : alk. paper)
035 _a(OCoLC)ocn255894625
040 _aDLC
_cDLC
_dBTCTA
_dBWKUK
_dYDXCP
_dBWK
_dCDX
_dBWX
_dDLC
050 0 0 _aQC174.12
_b.Z47 2009
082 0 0 _a530.12
_bZET/Q
100 1 _aZettili, Nouredine
_96359
245 1 0 _aQuantum mechanics :
_bconcepts and applications /
_cNouredine Zettili. An Indian adaptation
250 _a2nd ed.
260 _aChichester, U.K. :
_bWiley,
_cc2009.
300 _a829 p. :
_bill. ;
_c26 cm.
504 _aIncludes bibliographical references and index.
650 0 _aQuantum theory.
906 _a7
_bcbc
_corignew
_d1
_eecip
_f20
_gy-gencatlg
942 _2ddc
_cBK
_h530.12
_iZET/Q
_k530.12
_mZET/Q
999 _c44231
_d44231